Timber frame dwellings (Record no. 105619)
[ view plain ]
| 000 -LEADER | |
|---|---|
| fixed length control field | 01225cam a2200277 4500 |
| 001 - CONTROL NUMBER | |
| control field | ##L134261 |
| 008 - FIXED-LENGTH DATA ELEMENTS--GENERAL INFORMATION | |
| fixed length control field | 060720n2006 000 0 eng u |
| 020 ## - INTERNATIONAL STANDARD BOOK NUMBER | |
| International Standard Book Number | 1860819230 |
| 035 ## - SYSTEM CONTROL NUMBER | |
| System control number | (Sirsi) u134261 |
| 041 0# - LANGUAGE CODE | |
| Language code of text/sound track or separate title | eng |
| 050 04 - LIBRARY OF CONGRESS CALL NUMBER | |
| Classification number | 694.01 $2 18 |
| 100 1# - MAIN ENTRY--PERSONAL NAME | |
| Personal name | Doran, S. M. |
| 245 00 - TITLE STATEMENT | |
| Title | Timber frame dwellings |
| Remainder of title | conservation of fuel and power |
| -- | AD L1A guidelines |
| 260 ## - PUBLICATION, DISTRIBUTION, ETC. | |
| Place of publication, distribution, etc. | Watford |
| Name of publisher, distributor, etc. | BRE |
| Date of publication, distribution, etc. | 2006 |
| 300 ## - PHYSICAL DESCRIPTION | |
| Extent | 24p. |
| Other physical details | ill. |
| Dimensions | 30cm. |
| 350 ## - PRICE (NR) (BK AM CF MU VM SE) [OBSOLETE] | |
| Price | 30 |
| 490 #0 - SERIES STATEMENT | |
| Series statement | BRE Special Digest |
| Volume/sequential designation | SD2: 2006 |
| 520 ## - SUMMARY, ETC. | |
| Summary, etc. | Outlines how the requirements of the Building Regulations for conservation of fuel and power may be fulfilled for a new dwelling built with timber frame construction. Provides guidance on the relevant regulations, primarily Approved Document L1A, gives various approaches to compliance and includes worked examples involving timber frame build solutions. Briefly covers compliance in Northern Ireland and Scotland. |
| 590 ## - LOCAL NOTE (RLIN) | |
| Local note | IKA220806, KA |
| 650 24 - SUBJECT ADDED ENTRY--TOPICAL TERM | |
| Topical term or geographic name entry element | BUILDING REGULATIONS 2000 APPROVED DOCUMENT L1A (2006 EDITION) |
| 651 #4 - SUBJECT ADDED ENTRY--GEOGRAPHIC NAME | |
| Geographic name | United Kingdom |
| Chronological subdivision | |
| 690 ## - LOCAL SUBJECT ADDED ENTRY--TOPICAL TERM (OCLC, RLIN) | |
| Topical term or geographic name as entry element | Building regulations |
| 9 (RLIN) | 6224 |
| 710 2# - ADDED ENTRY--CORPORATE NAME | |
| Corporate name or jurisdiction name as entry element | Building Research Establishment |
| 710 2# - ADDED ENTRY--CORPORATE NAME | |
| Corporate name or jurisdiction name as entry element | UK Timber Frame Association |
| 9 (RLIN) | 5010 |
| 942 ## - ADDED ENTRY ELEMENTS (KOHA) | |
| Suppress in OPAC | 0 |
| Withdrawn status | Lost status | Source of classification or shelving scheme | Damaged status | Not for loan | Home library | Current library | Shelving location | Date acquired | Total Checkouts | Full call number | Barcode | Date last seen | Date last checked out | Copy number | Price effective from | Koha item type |
|---|---|---|---|---|---|---|---|---|---|---|---|---|---|---|---|---|
| Dewey Decimal Classification | London | London | BRE publications | 15/08/2006 | 4 | ENQUIRY DESK | 30073154 | 06/08/2019 | 14/11/2007 | 1 | 06/08/2019 | Book |